| 000 | 00575nam a2200157 a 4500 | ||
|---|---|---|---|
| 003 | PILC | ||
| 005 | 20150217180811.0 | ||
| 008 | 021022s19uu xx 00 eng d | ||
| 050 |
_aPGS '97 _bTAN #4 |
||
| 050 |
_aPGS '97 _bTAN #4 |
||
| 050 |
_aPGS '97 _bTAN #4 |
||
| 100 | _aTan, Rex Wallen | ||
| 245 | _aAn Investigation of computer programs, practices and skills of grade 6 students from some Philippine Schools. | ||
| 856 | _uhttp://library.southville.edu.ph:8080/jspui/bitstream/123456789/44/1/A%20Research%20Paper%20REX%20WALLEN%20LEDESMA%20TAN.pdf | ||
| 942 |
_cPASS _2lcc |
||
| 999 |
_c96101 _d96101 |
||